Statistics for Maisie Peters - The Good Witch

Click here to take the quiz!

General Stats

  • This quiz has been taken 26 times
  • The average score is 161 of 192

Answer Stats

Answer% Correct
a
94%
all
94%
and
94%
And
94%
but
94%
do
94%
don’t
94%
good
94%
hear
94%
her
94%
here,
94%
I
94%
I’m
94%
in
94%
is
94%
it
94%
it,
94%
know
94%
me
94%
my
94%
now
94%
still
94%
Still
94%
that
94%
That
94%
the
94%
when
94%
When
94%
where
94%
witch
94%
you,
94%
you
94%
You
94%
you?
94%
22
89%
about
89%
black
89%
can
89%
forgot
89%
house
89%
keys
89%
kicks
89%
live
89%
Make
89%
past
89%
play
89%
start?
89%
think
89%
upset,
89%
with
89%
bitter,
83%
it’s
83%
lives
83%
nobody
83%
of
83%
oh,
83%
tea
83%
universe
83%
wanna
83%
will
83%
Armageddon
78%
forget
78%
forget,
78%
guess
78%
haunt
78%
it’ll
78%
not
78%
Not
78%
pass
78%
This
78%
this
78%
to
78%
before
72%
better
72%
call
72%
calm
72%
comes
72%
dad
72%
from
72%
heart
72%
like
72%
mother
72%
out
72%
politely
72%
storm
72%
them
72%
through
72%
Well,
72%
Am
67%
argue
67%
Found
67%
give
67%
Let’s
67%
light
67%
miss
67%
people
67%
properly
67%
rushing
67%
suppress
67%
wants
67%
yet?
67%
another
61%
best
61%
breath
61%
candle
61%
chant
61%
forgiveness,
61%
hats
61%
heartbreak
61%
muses,
61%
other
61%
pulling
61%
some
61%
stuff
61%
under
61%
warn
61%
Cross,
56%
Kings
56%
try
56%
decoy,
50%
okay,
50%
d’you
39%

Score Distribution

Percentile by Number Answered

Percent of People with Each Score

Your Score History

You have not taken this quiz